| 000 | 00985nas a2200325 4500 | ||
|---|---|---|---|
| 001 | BR2011003223 | ||
| 003 | BR-BrBNA | ||
| 005 | 20231205115346.0 | ||
| 007 | ta | ||
| 008 | 230509b bl.|||p| |||| 00| 00por d | ||
| 040 |
_aBR-BrBNA _bpor _cBiblioteca Nacional de Agricultura |
||
| 041 | _a(Pt) | ||
| 072 | _aF50 | ||
| 100 | 1 | _aLopes, S.J. | |
| 100 | 1 | _aBrum, B. | |
| 100 | 1 | _aSantos, V.J. dos | |
| 100 | 1 | _aMelo, E.F.R.Q. | |
| 100 | 1 | _aSantos, O.S. dos | |
| 100 | 1 | _aCouto, M.R.M. | |
| 245 | 1 | _aÁrea foliar e número de flores de nastúrcio sob duas densidades de plantio | |
| 246 | 1 | _aLeaf area and flower number of nasturtium in two plant | |
| 650 | _aÁREA FOLIAR | ||
| 650 | _aFLORAÇÃO | ||
| 650 | _aTREPADEIRA | ||
| 650 | _aDENSIDADE DE PLANTIO | ||
| 650 | _aTROPAEOLUM MAJUS | ||
| 773 | 0 |
_tPlanta Daninha (Brazil) _xISSN 0102-0536 _g(Apr-Jun 2007), v. 25(2) p. 159-163 _wBR2011003223 |
|
| 909 |
_a202311 _bLúcia _c55 _dLúcia Elande |
||
| 942 |
_2AGRIS _n0 _cANA |
||
| 999 |
_c213392 _d213392 |
||